Central Library OPAC University of Rajshahi

Problems of American economic growth / (Record no. 43147)

MARC details
000 -LEADER
fixed length control field 00731nam a2200229 a 4500
001 - CONTROL NUMBER
control field 43147
003 - CONTROL NUMBER IDENTIFIER
rucl marc code BD-RjUL
005 - DATE AND TIME OF LATEST TRANSACTION
control field 20211209053644.0
008 - FIXED-LENGTH DATA ELEMENTS--GENERAL INFORMATION
fixed length control field 160619s1961 nyua b 001 0 eng d
035 ## - SYSTEM CONTROL NUMBER
System control number (BD-RjUL)43265
040 ## - CATALOGING SOURCE
Original cataloging agency DLC
Transcribing agency OSU
Modifying agency SER
-- BD-RjUL
Language of cataloging eng
041 ## - LANGUAGE CODE
Language code of text/sound track or separate title eng
082 ## - DEWEY DECIMAL CLASSIFICATION NUMBER
Classification number 338.973
Edition number 23
Author mark and year MOP 1961
100 1# - MAIN ENTRY--PERSONAL NAME
Personal name Morris, Bruce Robert,
Dates associated with a name 1909-
9 (RLIN) 132502
245 00 - TITLE STATEMENT
Title Problems of American economic growth /
Statement of responsibility, etc. Bruce Robert Morris
260 ## - PUBLICATION, DISTRIBUTION, ETC. (IMPRINT)
Place of publication, distribution, etc. New York :
Name of publisher, distributor, etc. Oxford University Press,
Date of publication, distribution, etc. c1961
300 ## - PHYSICAL DESCRIPTION
Pagination viii, 279 p. :
Illustrations ill. ;
Size 21 cm.
504 ## - BIBLIOGRAPHY, ETC. NOTE
Bibliography, etc Includes bibliography and index.
651 #0 - SUBJECT ADDED ENTRY--GEOGRAPHIC NAME
Geographic name United States
General subdivision Economic policy
9 (RLIN) 132503
Geographic name United States
General subdivision Economic conditions
9 (RLIN) 132504
942 ## - ADDED ENTRY ELEMENTS (KOHA)
Source of classification or shelving scheme Dewey Decimal Classification
Koha item type Books
Holdings
Lost status Source of classification or shelving scheme Damaged status Not for loan Collection code Permanent Location Current Location Shelving location Date acquired Source of acquisition Total Checkouts Full call number Date last seen Copy number Koha item type
  Dewey Decimal Classification     Non-fiction Central Library, University of Rajshahi Central Library, University of Rajshahi   21/01/1970 Zeit   338.973 MOP 1961 19/06/2016 C-2 Books